Lana Del Rey Lyrics Quiz - Statistics

General Stats
  • This quiz has been taken 66 times
  • The average score is 8 of 16
Answer Stats
Hint Answer % Correct
Remember how we used to party up all night? Sneakin' out and lookin' for a taste of real life This is what makes us girls
77%
This is a simple song, gonna write it for a friend My shirt is inside out, I'm messy with the pen Margaret
73%
Every Saturday night I get dressed up to ride for you, baby Cruising down the street on Hollywood and Vine for you, baby Burning desire
63%
Love I said real love, it's like feeling no fear Cherry
63%
It's never too late to be who you wanna be (swimmin' in my safe) To say what you wanna say (tattoo on my face, swimmin' in my safe) Summer Bummer
54%
Gargoyles standing at the front of your gate Trying to tell me to wait Bel air
52%
You say that you wanna go To a land that's far away Money Power Glory
50%
Heavy metal love of mine I should have learned to let you stay Guns and roses
46%
Grenadine quarantine, I like you a lot It's LA, "hey" on Zoom, Target parking lot Black bathing suit
45%
I like to see everything in neon Drink lime green, stay up 'til dawn Fuck it I love you
45%
Put your white tennis shoes on and follow me Why work so hard when you could just be free? Swan song
45%
Sun stare, don't care with my head in my hands thinking of a simpler time Like Sun Ra, feel small, but I had it under control every time White dress
39%
Lets keep it simple, babe Don't make it complicated Beautiful
34%
Stars in my eyes, hiking up Griffith Thinking about what was said and what didn't Sweet
34%
You are what you are I don't matter to anyone Terrence loves you
29%
I slept last night in a good hotel I went shopping today for jewels For free
27%
No matching quizzes found
Score Distribution
Percent of People with Each Score
Percentile by Number Answered
Your Score History
You have not taken this quiz